El inconsciente en la historia / (Record no. 64337)

MARC details
000 -LEADER
campo de control de longitud fija 00643nam a2200205 i 4500
001 - NÚMERO DE CONTROL
campo de control 64337
003 - IDENTIFICADOR DE NÚMERO DE CONTROL
campo de control ES-MaACL
005 - FECHA Y HORA DE LA ÚLTIMA TRANSACCIÓN
campo de control 20230906165115.0
007 - CAMPO FIJO DE DESCRIPCIÓN FÍSICA--INFORMACIÓN GENERAL
campo de control de longitud fija t|
008 - DATOS DE LONGITUD FIJA--INFORMACIÓN GENERAL
campo de control de longitud fija 031223s1969 sp ||||1| spa d
100 1# - ENTRADA PRINCIPAL--NOMBRE DE PERSONA
Nombre de persona Flottes, Pierre.
9 (RLIN) 51359
245 13 - MENCIÓN DEL TÍTULO
Título El inconsciente en la historia /
Mención de responsabilidad, etc. Pierre Flottes ; [lo tradujo, Ignacio Martín Baró].
260 ## - PUBLICACIÓN, DISTRIBUCIÓN, ETC.
Lugar de publicación, distribución, etc. Madrid :
Nombre del editor, distribuidor, etc. Guadarrama,
Fecha de publicación, distribución, etc. [1969]
300 ## - DESCRIPCIÓN FÍSICA
Extensión 1 v.
490 1# - MENCIÓN DE SERIE
Mención de serie Psicología y ciencias humanas ;
Designación de volumen o secuencia 11
700 1# - ENTRADA AGREGADA--NOMBRE PERSONAL
Nombre de persona Martín Baró, Ignacio.
9 (RLIN) 77408
830 0# - PUNTO DE ACCESO ADICIONAL DE SERIE-TÍTULO UNIFORME
Título uniforme Psicología y ciencias humanas ;
Designación de volumen o secuencia 11
9 (RLIN) 182632
852 ## - LOCALIZACIÓN
Ubicación ES-MaACL
Número de control de estantería C-42476
Sublocalización o colección R.79469
Holdings
Estatus retirado Estado de pérdida Estado de daño No para préstamo Biblioteca de origen Biblioteca actual Ubicación en estantería Fecha de adquisición Fuente de adquisición Total de préstamos Signatura topográfica completa Código de barras Visto por última vez Precio de reemplazo Tipo de ítem Koha
        Biblioteca del Ateneo de Madrid Biblioteca del Ateneo de Madrid Depósito 2 17/01/2008     C-42476 1067419 23/02/2023 23/02/2023 Libro impreso